Miasta w Szwecji - Nagła Śmierć - Statystyki

Ogólne statystyki
  • Ten quiz został rozwiązany 202 razy
    44 od ostatniego zresetowania
  • Średni wynik to 8 z 20
Answers on the Grid
Answers color-coded by a green-red scale on the quiz's grid according to % correct below.
Aalborg
Aarhus
Bergen
Białystok
Düsseldorf
Eindhoven
Esbjerg
Göteborg
Graz
Grimsby
Hamburg
Helsingborg
Helsinki
Jönköping
Jyväskylä
Kaliningrad
Kalmar
Karlstad
Kiszyniów
Kopenhaga
Kristianstad
Linköping
Lipawa
Lubeka
Lund
Malmö
Murmańsk
Norrköping
Nyköping
Örebro
Oslo
Östersund
Ostrawa
Pittsburgh
Rostock
Rovaniemi
Salzburg
Skövde
Sligo
Stavanger
Strasburg
Sundsvall
Sztokholm
Tønsberg
Trondheim
Turku
Umeå
Uppsala
Vaasa
Västerås
Växjö
 
Statystyki odpowiedzi
Odpowiedź % Poprawnych
Sztokholm
81%
Göteborg
75%
Malmö
69%
Norrköping
50%
Linköping
47%
Helsingborg
44%
Jönköping
44%
Nyköping
44%
Örebro
44%
Uppsala
44%
Skövde
38%
Kalmar
34%
Östersund
34%
Lund
31%
Västerås
31%
Växjö
31%
Karlstad
28%
Sundsvall
25%
Umeå
25%
Kristianstad
19%
Nie znaleziono quizów pasujących do podanych kryteriów
Rozkład punktacji
Procent ludzi z każdym wynikiem
Percentyl według liczby udzielonych odpowiedzi
Twoja historia wyników
Nie rozwiązałeś tego quizu od ostatniego zresetowania